The genus Caulerpa from Central Visayas, Philippines / (Record no. 141164)
[ view plain ]
| 000 -LEADER | |
|---|---|
| fixed length control field | 01180cam3a220026500 4500 |
| 001 - CONTROL NUMBER | |
| control field | lce01435387 |
| 008 - FIXED-LENGTH DATA ELEMENTS--GENERAL INFORMATION | |
| fixed length control field | 820511s1982 dcua b 000 0 eng |
| 010 ## - LIBRARY OF CONGRESS CONTROL NUMBER | |
| LC control number | 82005976 |
| 035 ## - SYSTEM CONTROL NUMBER | |
| System control number | (Sirsi) r54917 |
| 035 ## - SYSTEM CONTROL NUMBER | |
| System control number | (DLC) 82005976 |
| 035 ## - SYSTEM CONTROL NUMBER | |
| System control number | (UPRA)lce01435387 |
| 043 ## - GEOGRAPHIC AREA CODE | |
| Geographic area code | a-ph--- |
| 050 0# - LIBRARY OF CONGRESS CALL NUMBER | |
| Classification number | QK569.C37 |
| Item number | M46 1982 |
| 082 0# - DEWEY DECIMAL CLASSIFICATION NUMBER | |
| Classification number | 589.4/7 |
| Edition number | 19 |
| 100 1# - MAIN ENTRY--PERSONAL NAME | |
| Personal name | Me~nez, Ernani G. |
| Linkage | A13673.1 |
| 245 14 - TITLE STATEMENT | |
| Title | The genus Caulerpa from Central Visayas, Philippines / |
| Statement of responsibility, etc. | Ernani G. Me~nez and Hilconida P. Calumpong. |
| 260 ## - PUBLICATION, DISTRIBUTION, ETC. | |
| Place of publication, distribution, etc. | Washington : |
| Name of publisher, distributor, etc. | Smithsonian Institution Press, |
| Date of publication, distribution, etc. | 1982. |
| 440 #0 - SERIES STATEMENT/ADDED ENTRY--TITLE | |
| Title | Smithsonian contributions to the marine sciences ; |
| Volume/sequential designation | no. 17 |
| Linkage | S2443.1 |
| 504 ## - BIBLIOGRAPHY, ETC. NOTE | |
| Bibliography, etc. note | Bibliography: p. 13-14. |
| 650 #0 - SUBJECT ADDED ENTRY--TOPICAL TERM | |
| Topical term or geographic name entry element | Caulerpa -- Classification. |
| General subdivision | Caulerpa -- Classification. |
| Linkage | S9391.1 |
| 650 #0 - SUBJECT ADDED ENTRY--TOPICAL TERM | |
| Topical term or geographic name entry element | Botany -- Philippines -- Visayan Islands -- Classification. |
| Geographic subdivision | Botany -- Philippines -- Visayan Islands -- Classification. |
| -- | Botany -- Philippines -- Visayan Islands -- Classification. |
| General subdivision | Botany -- Philippines -- Visayan Islands -- Classification. |
| Linkage | S9392.1 |
| 700 1# - ADDED ENTRY--PERSONAL NAME | |
| Personal name | Calumpong, Hilconida P. |
| Linkage | A13675.1 |
| 949 ## - LOCAL PROCESSING INFORMATION (OCLC) | |
| a | QK569.C37 |
| w | lcc |
| i | -70915 |
| m | MAIN |
| t | BOOK |
| l | ON-SHELF |
No items available.